<?xml version="1.0" encoding="UTF-8"?><?xml-stylesheet type="text/xsl" href="static/style.xsl"?><OAI-PMH xmlns="http://www.openarchives.org/OAI/2.0/" xmlns:xsi="http://www.w3.org/2001/XMLSchema-instance" xsi:schemaLocation="http://www.openarchives.org/OAI/2.0/ http://www.openarchives.org/OAI/2.0/OAI-PMH.xsd"><responseDate>2026-04-13T02:40:48Z</responseDate><request verb="GetRecord" identifier="oai:www.recercat.cat:2445/222194" metadataPrefix="marc">https://recercat.cat/oai/request</request><GetRecord><record><header><identifier>oai:recercat.cat:2445/222194</identifier><datestamp>2025-12-04T21:44:20Z</datestamp><setSpec>com_2072_1057</setSpec><setSpec>col_2072_478917</setSpec><setSpec>col_2072_478933</setSpec></header><metadata><record xmlns="http://www.loc.gov/MARC21/slim" xmlns:dcterms="http://purl.org/dc/terms/" xmlns:xsi="http://www.w3.org/2001/XMLSchema-instance" xmlns:doc="http://www.lyncode.com/xoai" xsi:schemaLocation="http://www.loc.gov/MARC21/slim http://www.loc.gov/standards/marcxml/schema/MARC21slim.xsd">
   <leader>00925njm 22002777a 4500</leader>
   <datafield ind2=" " ind1=" " tag="042">
      <subfield code="a">dc</subfield>
   </datafield>
   <datafield ind2=" " ind1=" " tag="720">
      <subfield code="a">Tubau Ribot, Ànnia</subfield>
      <subfield code="e">author</subfield>
   </datafield>
   <datafield ind2=" " ind1=" " tag="720">
      <subfield code="a">Rodríguez Raurell, Laura</subfield>
      <subfield code="e">author</subfield>
   </datafield>
   <datafield ind2=" " ind1=" " tag="720">
      <subfield code="a">Pander, Piotr</subfield>
      <subfield code="e">author</subfield>
   </datafield>
   <datafield ind2=" " ind1=" " tag="720">
      <subfield code="a">Weatherill, Lucy</subfield>
      <subfield code="e">author</subfield>
   </datafield>
   <datafield ind2=" " ind1=" " tag="720">
      <subfield code="a">Dias, Fernando B.</subfield>
      <subfield code="e">author</subfield>
   </datafield>
   <datafield ind2=" " ind1=" " tag="720">
      <subfield code="a">Font Bardia, Ma. Mercedes</subfield>
      <subfield code="e">author</subfield>
   </datafield>
   <datafield ind2=" " ind1=" " tag="720">
      <subfield code="a">Vicente Castillo, Ramón</subfield>
      <subfield code="e">author</subfield>
   </datafield>
   <datafield ind2=" " ind1=" " tag="260">
      <subfield code="c">2025-07-14T08:22:34Z</subfield>
   </datafield>
   <datafield ind2=" " ind1=" " tag="260">
      <subfield code="c">2025-07-14T08:22:34Z</subfield>
   </datafield>
   <datafield ind2=" " ind1=" " tag="260">
      <subfield code="c">2024-05-16</subfield>
   </datafield>
   <datafield ind2=" " ind1=" " tag="260">
      <subfield code="c">2025-07-14T08:22:34Z</subfield>
   </datafield>
   <datafield ind2=" " ind1=" " tag="520">
      <subfield code="a">La reacció de [Ln(btfa)₃(H₂O)₂] (btfa⁻ = 4,4,4-trifluoro-1-fenil-1,3-butanodionat) amb 4,4'-dinonil-2,2'-bipiridil (4,4'-dinonilbipy) en etanol permet l’aïllament de complexos mononuclears [Ln(btfa)₃(4,4'-dinonilbipy)], amb Ln = Sm (1-Sm), Eu (2-Eu), Tb (3-Tb), Dy (4-Dy), Er (5-Er) i Yb (6-Yb).&lt;/p>&lt;p>Els complexos 1-Sm, 2-Eu, 3-Tb i 4-Dy emeten luminescència eficient en la regió visible, mentre que 1-Sm, 5-Er i 6-Yb ho fan en l’NIR. L’energia es transfereix de manera efectiva des del lligand 4,4,4-trifluoro-1-fenil-1,3-butanodionat cap a l’ió central Ln³⁺ en tots els compostos.&lt;/p>&lt;p>Els complexos 2-Eu i 6-Yb es van utilitzar com a emissors en OLEDs multicapa dipositats en buit, aconseguint eficiències quàntiques d’electroluminescència (EQE) del 2,1% per a 2-Eu (λEL = 614 nm) i del 0,1–0,2% per a 6-Yb (λEL = 977 nm). La màxima emittància radiant per a les emissions associades als lantànids va ser de 135 mW cm⁻² per a 2-Eu i de 121 mW cm⁻² per a 6-Yb, valors inusualment alts per a aquest tipus d’emissors.&lt;/p>&lt;p>Els estudis magnètics van revelar comportament de Single Molecular Magnet (SMM) per a 4-Dy i relaxació lenta de la magnetització induïda per camp per als complexos 3-Tb, 5-Er i 6-Yb. Per a 4-Dy, les barreres d’energia d’anisotropia i els factors pre-exponencials són ΔE = 91,1 cm⁻¹, τ₀ = 7,2 × 10⁻⁹ s (sense camp) i ΔE = 109,3 cm⁻¹, τ₀ = 9,3 × 10⁻¹⁰ s (amb 0,1 T). Per a 5-Er, ΔE = 24,6 cm⁻¹, τ₀ = 8,7 × 10⁻⁸ s (amb 0,07 T). A més, per als complexos 3-Tb i 6-Yb, la relaxació de la magnetització no segueix el procés d’Orbach.</subfield>
   </datafield>
   <datafield tag="653" ind2=" " ind1=" ">
      <subfield code="a">Magnetisme</subfield>
   </datafield>
   <datafield tag="653" ind2=" " ind1=" ">
      <subfield code="a">Espectroscòpia de luminiscència</subfield>
   </datafield>
   <datafield tag="653" ind2=" " ind1=" ">
      <subfield code="a">Magnetism</subfield>
   </datafield>
   <datafield tag="653" ind2=" " ind1=" ">
      <subfield code="a">Luminescence spectroscopy</subfield>
   </datafield>
   <datafield ind2="0" ind1="0" tag="245">
      <subfield code="a">Slow magnetic relaxation and luminescence properties in b-diketonate lanthanide(III)complexes. Preparation of Eu(III) and Yb(III) OLED devices</subfield>
   </datafield>
</record></metadata></record></GetRecord></OAI-PMH>